Environmental engineering (Record no. 5151)

MARC details
000 -LEADER
fixed length control field 00506nam a2200181Ia 4500
003 - CONTROL NUMBER IDENTIFIER
control field SGT
020 ## - INTERNATIONAL STANDARD BOOK NUMBER
International Standard Book Number 9780071002318
082 ## - DEWEY DECIMAL CLASSIFICATION NUMBER
Classification number 628
Item number PEA
100 ## - MAIN ENTRY--PERSONAL NAME
Personal name Peavy,H.S
245 ## - TITLE STATEMENT
Title Environmental engineering
260 ## - PUBLICATION, DISTRIBUTION, ETC. (IMPRINT)
Name of publisher, distributor, etc Tata McGraw Hill Education Private Limited
Place of publication, distribution, etc New Delhi
Year of Publication 1985
300 ## - PAGE DESCRIPTION
No. of Pages V.P.p.
650 ## - SUBJECT ADDED ENTRY--TOPICAL TERM
Topical term or geographic name as entry element CIVIL ENGINEERING
653 ## - KEYWORDS--INDEX TERM
Keyword term WATER ,WATER PURIFICATION IN NATURAL ENGINEERED SYSTEMS FOR WATER PURIFICATION
700 ## - ADDED ENTRY--PERSONAL NAME
Personal name Rowe,D.R
700 ## - ADDED ENTRY--PERSONAL NAME
Personal name Tchobanoglous,G
942 ## - ADDED ENTRY ELEMENTS (KOHA)
Source of classification or shelving scheme Dewey Decimal Classification
Koha item type Books
942 ## - ADDED ENTRY ELEMENTS (KOHA)
-- 13
Holdings
Withdrawn status Lost status Source of classification or shelving scheme Damaged status Not for loan Home library Current library Date acquired SGTU Total Checkouts Full call number Accession No. (Barcode) Date last seen Bill Date Koha item type Date last borrowed
    Dewey Decimal Classification     SGT Engineering Library SGT Engineering Library 24/06/2011 SGTU   628 PEA FE2922 09/02/2015 09/02/2015 Books  
    Dewey Decimal Classification     SGT Engineering Library SGT Engineering Library 24/06/2011 SGTU 2 628 PEA FE2923 14/03/2022 09/02/2015 Books 08/03/2022
    Dewey Decimal Classification     SGT Engineering Library SGT Engineering Library 24/06/2011 SGTU   628 PEA FE2924 09/02/2015 09/02/2015 Books  
    Dewey Decimal Classification     SGT Engineering Library SGT Engineering Library 24/06/2011 SGTU 4 628 PEA FE2925 11/05/2024 09/02/2015 Books 11/05/2024
    Dewey Decimal Classification     SGT Engineering Library SGT Engineering Library 24/06/2011 SGTU 5 628 PEA FE2926 21/08/2024 09/02/2015 Books 07/08/2024
    Dewey Decimal Classification     SGT Engineering Library SGT Engineering Library 24/06/2011 SGTU 3 628 PEA FE2927 11/12/2023 09/02/2015 Books 01/11/2023
    Dewey Decimal Classification     SGT Engineering Library SGT Engineering Library 24/06/2011 SGTU 1 628 PEA FE2928 06/12/2018 09/02/2015 Books 06/12/2018
    Dewey Decimal Classification     SGT Engineering Library SGT Engineering Library 24/06/2011 SGTU 2 628 PEA FE2929 05/02/2024 09/02/2015 Books 31/01/2024
    Dewey Decimal Classification     SGT Engineering Library SGT Engineering Library 24/06/2011 SGTU   628 PEA FE2930 09/02/2015 09/02/2015 Books  
    Dewey Decimal Classification     SGT Engineering Library SGT Engineering Library 24/06/2011 SGTU 1 628 PEA FE2931 06/03/2017 09/02/2015 Books 09/02/2017